Normal view
MARC view
Entry Geographic Name
001 - CONTROL NUMBER
- control field: 1069419
003 - CONTROL NUMBER IDENTIFIER
- control field:
005 - DATE AND TIME OF LATEST TRANSACTION
- control field: 20210627164600.0
008 - FIXED-LENGTH DATA ELEMENTS
- fixed length control field: 210627|| aca||aabn | a|a d
040 ## - CATALOGING SOURCE
- Original cataloging agency:
- Transcribing agency:
151 ## - HEADING--GEOGRAPHIC NAME
- Geographic name: Tibet (China)
- General subdivision: Politics and government
- Chronological subdivision: 20th century
670 ## - SOURCE DATA FOUND
- Source citation: Work cat.: ()1045920: Goldstein, Melvyn C. 738240, A history of modern Tibet, 1913-1951 :, c1993
